Thesis Open Access
ASFAW ALEMU
<?xml version='1.0' encoding='UTF-8'?>
<record xmlns="http://www.loc.gov/MARC21/slim">
<leader>00000nam##2200000uu#4500</leader>
<datafield tag="041" ind1=" " ind2=" ">
<subfield code="a">eng</subfield>
</datafield>
<datafield tag="653" ind1=" " ind2=" ">
<subfield code="a">Indigenous, Biodiversity, Conservation, Clans, preservation, and Dirashe</subfield>
</datafield>
<datafield tag="502" ind1=" " ind2=" ">
<subfield code="c">Dilla University</subfield>
</datafield>
<controlfield tag="005">20250909080930.0</controlfield>
<controlfield tag="001">17972</controlfield>
<datafield tag="700" ind1=" " ind2=" ">
<subfield code="4">ths</subfield>
<subfield code="a">Abiyot Mebrate(PhD) and bera Eyasu(MA.)</subfield>
</datafield>
<datafield tag="856" ind1="4" ind2=" ">
<subfield code="s">1376024</subfield>
<subfield code="z">md5:ae7b16ddd5228188a0c23862b69cb69a</subfield>
<subfield code="u">https://zenodo.org/record/17972/files/Jun, 2024 ASFAW ALEMU.pdf</subfield>
</datafield>
<datafield tag="542" ind1=" " ind2=" ">
<subfield code="l">open</subfield>
</datafield>
<datafield tag="260" ind1=" " ind2=" ">
<subfield code="c">2025-09-09</subfield>
</datafield>
<datafield tag="909" ind1="C" ind2="O">
<subfield code="p">user-011</subfield>
<subfield code="o">oai:zenodo.org:17972</subfield>
</datafield>
<datafield tag="100" ind1=" " ind2=" ">
<subfield code="u">Dilla University</subfield>
<subfield code="a">ASFAW ALEMU</subfield>
</datafield>
<datafield tag="245" ind1=" " ind2=" ">
<subfield code="a">INDIGENOUS KNOWLEDGE AND PRACTICE OF BIODIVERSITY CONSERVATION AMONG DERASHE PEOPLE, SOUTH ETHIOPIA</subfield>
</datafield>
<datafield tag="980" ind1=" " ind2=" ">
<subfield code="a">user-011</subfield>
</datafield>
<datafield tag="540" ind1=" " ind2=" ">
<subfield code="u">http://www.opendefinition.org/licenses/cc-by</subfield>
<subfield code="a">Creative Commons Attribution</subfield>
</datafield>
<datafield tag="650" ind1="1" ind2="7">
<subfield code="a">cc-by</subfield>
<subfield code="2">opendefinition.org</subfield>
</datafield>
<datafield tag="520" ind1=" " ind2=" ">
<subfield code="a"><p>ABSTRACT</p>
<p>Since ancient times, one of the densest indigenous populations in terms of ethnic groups in Ethiopia has been supported by the indigenous knowledge and practice of biodiversity conservation systems in D&#39;erashe woreda. indigenous knowledge and practices of biodiversity conservation systems, such as agroforestry, crop rotation, planting native trees, and protecting land, water, sacred areas, plants, and animals, are still in use in this region. The primary goal of the research was to evaluate and investigate the local indigenous population&#39;s knowledge and practices around biodiversity conservation. Focus group dissection, interviews, field observations, and key informant data were gathered. and subjected to qualitative, anthropological, and quantitative analysis, the result revealed a striking existence of indigenous knowledge and practice of biodiversity conservation, such as planting and resource conservation. In addition, they separate the kinds of plants that are appropriate for the conditions before digging and tilling on time before planting trees. Based on plant type, the data showed that the following have steadily disappeared whereas plants have continued to exist in dega, woynadega, and qolla agroecologies. People believe that conserving indigenous biodiversity is preferable, despite the effects of industrialization, the information gap, and negative attitudes. Along with important elements like the decline in native plant life, pruning, burning, modern tree planting, and human perspectives in both agro-ecologies. Additionally, every variable was examined for substantial connection. In order to ensure the continued existence of indigenous knowledge and biodiversity conservation practices, it may be necessary to integrate these practices with current technologies, give recognition to indigenous people, and bring back their traditions.</p></subfield>
</datafield>
<datafield tag="773" ind1=" " ind2=" ">
<subfield code="n">doi</subfield>
<subfield code="i">isVersionOf</subfield>
<subfield code="a">10.20372/nadre:17971</subfield>
</datafield>
<datafield tag="024" ind1=" " ind2=" ">
<subfield code="a">10.20372/nadre:17972</subfield>
<subfield code="2">doi</subfield>
</datafield>
<datafield tag="980" ind1=" " ind2=" ">
<subfield code="a">publication</subfield>
<subfield code="b">thesis</subfield>
</datafield>
</record>
| All versions | This version | |
|---|---|---|
| Views | 0 | 0 |
| Downloads | 0 | 0 |
| Data volume | 0 Bytes | 0 Bytes |
| Unique views | 0 | 0 |
| Unique downloads | 0 | 0 |